000 01161nam a2200325 i 4500
001 000004454
003 DO-SdBNP
005 20260219105723.0
007 ta
008 090723s2005 dr 001 0 spa d
020 _a9993425605
040 _aDO-SdBNP
_bspa
_cBNPHU
_erda
082 4 _a378.7293
_bI59d
_222
110 1 _aRepública Dominicana
_bIstituto Tecnólogico de Santo Domingo
_913053
245 1 0 _aDocumentos 15 :
_bjornada de evaluación y estrategia institucional 2000-2005. /
_cpresentación, Altagracia López.
264 _aSanto Domingo :
_bINTEC,
_c2005.
300 _a282 páginas :
_bilustraciones ;
_c22 cm.
336 _2rdacontent
_atexto
_btxt
337 _2rdamedia
_asin mediación
_bn
338 _2rdacarrier
_avolumen
_bnc
490 _aDocumentos INTEC
_v15
500 _aIncluye índice
500 _aIncluye referencias bibliográficas y notas al pie de las páginas
590 _aInventariado, 2023/BT
650 0 _aEducación superior
_zRepública Dominicana
_9730
650 4 _aUniversidades
_zRepùblica Dominicana
_9729
700 1 _aLópez, Altagracia,
_epresentación
_911769
910 _aBtavárez
942 _2ddc
_cLBS1
999 _c4263
_d4263